000 00496nam a2200169Ia 4500
999 _c31830
_d31830
003 OSt
005 20200804104037.0
008 200804b ||||| |||| 00| 0 eng d
020 _a9788187328469
040 _coclc
082 _a511.5
_bARU/I
100 _93845
_aArumugam, S
245 _aInvitation to Graph Theory /
_cS Arumugam ; S Ramachandran
260 _aChennai:
_bScitech Publications,
_c2003.
300 _a137p
942 _2ddc
_cBK
_h511.5
_iARU/I
_k511.5
_mARU/I